[Event "Uppsala Young Champions"]
[Site "Uppsala"]
[Date "2014.11.02"]
[Round "9"]
[White "Bit Narva, David"]
[Black "Hovhannisyan, Hrayr"]
[Result "1/2-1/2"]
[WhiteElo "1922"]
[BlackElo "2144"]
[PlyCount "48"]
[EventDate "2014.10.29"]
[EventType "tourn"]
[EventRounds "9"]
[EventCountry "SWE"]
[SourceTitle "EXT 2015"]
[Source "ChessBase"]
[SourceDate "2014.11.20"]
[SourceVersion "1"]
[SourceVersionDate "2014.11.20"]
[SourceQuality "1"]

1. d4 Nf6 2. c4 g6 3. Nc3 Bg7 4. e4 d6 5. f4 0-0 6. Nf3 e5 7. dxe5 dxe5 8. Nxe5 Qxd1+ 9. Kxd1 Na6 10. Be2 Rd8+ 11. Kc2 Nxe4 12. Nxe4 Bf5 13. Bf3 Nc5 14. Re1 Bxe5 15. fxe5 Rd4 16. Kc3 Rd3+ 17. Kb4 Na6+ 18. Ka5 b6+ 19. Kxa6 Bc8+ 20. Kb5 Bd7+ 21. Ka6 Bc8+ 22. Kb5 Bd7+ 23. Ka6 Bc8+ 24. Kb5 Bd7+ 1/2-1/2

[Event "Uppsala Young Champions"]
[Site "Uppsala"]
[Date "2014.11.01"]
[Round "6"]
[White "Hovhannisyan, Hrayr"]
[Black "Hallman, Valo"]
[Result "1-0"]
[WhiteElo "2144"]
[BlackElo "1997"]
[PlyCount "93"]
[EventDate "2014.10.29"]
[EventType "tourn"]
[EventRounds "9"]
[EventCountry "SWE"]
[SourceTitle "EXT 2015"]
[Source "ChessBase"]
[SourceDate "2014.11.20"]
[SourceVersion "1"]
[SourceVersionDate "2014.11.20"]
[SourceQuality "1"]

1. d4 d6 2. Nf3 Nf6 3. c4 Nbd7 4. Nc3 e5 5. e4 Be7 6. g3 0-0 7. Bg2 a5 8. 0-0 Re8 9. b3 Bf8 10. Bb2 exd4 11. Nxd4 Nc5 12. Re1 g6 13. Qd2 Bg7 14. Ndb5 Bd7 15. f3 a4 16. b4 Ne6 17. a3 h5 18. Ne2 Kh7 19. Rad1 h4 20. Nbd4 hxg3 21. hxg3 Qe7 22. Nf4 Nxd4 23. Bxd4 Rad8 24. Kf2 Kg8 25. Qb2 Nh5 26. Nxh5 Bxd4+ 27. Qxd4 gxh5 28. Rh1 Qe5 29. Qxe5 dxe5 30. Bf1 Be6 31. Be2 f6 32. Ke3 Kg7 33. c5 Rxd1 34. Rxd1 Kf7 35. f4 Bg4 36. Bxg4 hxg4 37. Rd7+ Re7 38. Rxe7+ Kxe7 39. fxe5 fxe5 40. Kd3 c6 41. Kc4 Kd7 42. b5 Kc7 43. Kb4 b6 44. Kxa4 bxc5 45. bxc6 Kb6 46. c7 Kxc7 47. Kb5 1-0

[Event "Uppsala Young Champions"]
[Site "Uppsala"]
[Date "2014.10.29"]
[Round "1"]
[White "Dahl, Trygve"]
[Black "Hovhannisyan, Hrayr"]
[Result "1/2-1/2"]
[WhiteElo "1975"]
[BlackElo "2144"]
[PlyCount "103"]
[EventDate "2014.10.29"]
[EventType "tourn"]
[EventRounds "9"]
[EventCountry "SWE"]
[SourceTitle "EXT 2015"]
[Source "ChessBase"]
[SourceDate "2014.11.20"]
[SourceVersion "1"]
[SourceVersionDate "2014.11.20"]
[SourceQuality "1"]

1. e4 c5 2. Nf3 e6 3. d4 cxd4 4. Nxd4 a6 5. Bd3 Nf6 6. c4 Qc7 7. Nc3 Nc6 8. Nxc6 dxc6 9. 0-0 e5 10. Kh1 Bc5 11. Qe2 Bg4 12. f3 Be6 13. Be3 Qe7 14. Na4 Bxe3 15. Qxe3 Rd8 16. Rfd1 0-0 17. Qc5 Qc7 18. Nb6 Nh5 19. Bf1 g5 20. Nd5 Qb8 21. Ne3 Qc7 22. Nd5 Bxd5 23. cxd5 Rd6 24. Rac1 Qd8 25. Bc4 Nf6 26. Bb3 cxd5 27. Bxd5 Nxd5 28. Rxd5 Rxd5 29. exd5 Qd7 30. d6 Re8 31. Rd1 Kg7 32. h3 h5 33. Rd5 Rc8 34. Qe3 f6 35. Qd3 Rd8 36. Rc5 Qxd6 37. Qxd6 Rxd6 38. Rc7+ Kg6 39. Rxb7 Kf5 40. Rb4 Rd2 41. g4+ Kg6 42. Ra4 Rxb2 43. Rxa6 h4 44. Kg1 Rc2 45. Ra7 Rc3 46. Kg2 Rc6 47. a4 f5 48. a5 e4 49. gxf5+ Kxf5 50. fxe4+ Kxe4 51. Re7+ Kf4 52. Re2 1/2-1/2

[Event "Vasteras op"]
[Site "Vasteras"]
[Date "2014.09.26"]
[Round "4"]
[White "Tari, Aryan"]
[Black "Hovhannisyan, Hrayr"]
[Result "1-0"]
[WhiteElo "2456"]
[BlackElo "2144"]
[PlyCount "99"]
[EventDate "2014.09.26"]
[EventType "swiss"]
[EventRounds "8"]
[EventCountry "SWE"]
[SourceTitle "CBM 162 Extra"]
[Source "ChessBase"]
[SourceDate "2014.10.17"]
[SourceVersion "1"]
[SourceVersionDate "2014.10.17"]
[SourceQuality "1"]

1. c4 c5 2. Nf3 Nc6 3. d4 cxd4 4. Nxd4 Nf6 5. Nc3 e6 6. Bf4 a6 7. Nxc6 bxc6 8. Bd6 Bxd6 9. Qxd6 Qe7 10. 0-0-0 Qxd6 11. Rxd6 Ke7 12. c5 Ne8 13. Rd2 d5 14. cxd6+ Nxd6 15. e4 e5 16. Bd3 Be6 17. b3 Rhd8 18. Na4 Nb5 19. Nc5 Nd4 20. Bxa6 Rdb8 21. Kb2 Kd6 22. Rc1 g5 23. Bb7 Ra7 24. Bxc6 Rc7 25. Nxe6 fxe6 26. Ba4 Rxc1 27. Kxc1 g4 28. Kb2 h5 29. a3 Rf8 30. Bb5 Rf4 31. Bd3 h4 32. g3 Rf3 33. gxh4 Rh3 34. Be2 Rxh4 35. Bd1 Kc7 36. Kc3 Rxh2 37. Bxg4 Nb5+ 38. Kc4 Nd6+ 39. Kd3 Kd7 40. a4 Rh1 41. Bd1 Rh4 42. f3 Rh8 43. b4 Rb8 44. b5 Nb7 45. Kc4+ Kc7 46. Kb4 Kb6 47. a5+ Kc7 48. Bb3 Nd6 49. b6+ Kc6 50. Ba4+ 1-0